[Event "Open Mediterranean 2013"]
[Site "Rijeka (CRO)"]
[Date "2007.11.25"]
[Round "1.1"]
[White "Sedlak, Nikola"]
[Black "Orenda, Omar"]
[Result "1-0"]
[WhiteElo "2605"]
[BlackElo "2120"]
[PlyCount "35"]
[EventDate "2007.11.25"]
[EventType "swiss"]
[EventRounds "9"]
[EventCountry "CRO"]
[Source "lmi"]
[SourceDate "2007.11.25"]

1. e4 c5 2. Nf3 Nf6 3. e5 Nd5 4. b3 g6 5. d4 cxd4 6. Qxd4 e6 7. Bc4 Nc6 8. Qe4
Nb6 9. O-O d5 10. exd6 Bg7 11. c3 Nxc4 12. Qxc4 Qxd6 13. Ba3 Qd5 14. Qe2 Bd7
15. Nbd2 Ne5 16. Nxe5 Bxe5 17. Rad1 Bc6 18. Nf3 1-0

[Event "Open Mediterranean 2013"]
[Site "Rijeka (CRO)"]
[Date "2007.11.25"]
[Round "1.2"]
[White "Tomic, Boris"]
[Black "Miladinovic, Igor"]
[Result "0-1"]
[WhiteElo "2108"]
[BlackElo "2603"]
[PlyCount "98"]
[EventDate "2007.11.25"]
[EventType "swiss"]
[EventRounds "9"]
[EventCountry "CRO"]
[Source "lmi"]
[SourceDate "2007.11.25"]

1. d4 d5 2. c4 Bf5 3. Nc3 e6 4. e3 Nc6 5. cxd5 exd5 6. Bb5 Nge7 7. Nf3 a6 8.
Bd3 Qd7 9. a3 g6 10. b4 Bg7 11. Bb2 O-O 12. O-O Bxd3 13. Qxd3 Nf5 14. Rac1 Rfe8
15. Qc2 Nce7 16. Na4 Rad8 17. Ne5 Bxe5 18. dxe5 b6 19. Rfd1 Ng7 20. Nc3 Qg4 21.
h3 Qg5 22. Ne2 Ne6 23. Nd4 Nf5 24. Nxe6 fxe6 25. Qe2 Rd7 26. e4 Ng7 27. Qxa6
Rf7 28. Qe2 dxe4 29. Qxe4 Rf4 30. Qc6 Ref8 31. Rf1 R4f7 32. Rcd1 Qe7 33. Bc1
Nf5 34. b5 h5 35. a4 Kh7 36. Rd3 Qh4 37. Qxe6 Nd4 38. Qa2 Rd7 39. Qb2 Rfd8 40.
Rg3 Qe4 41. Re3 Qd5 42. Ree1 Qc4 43. Bg5 Re8 44. Kh1 Ne6 45. Bc1 Qxa4 46. f4
Ng7 47. f5 Nxf5 48. Rxf5 gxf5 49. Qc2 Qxc2 0-1

[Event "Open Mediterranean 2013"]
[Site "Rijeka (CRO)"]
[Date "2007.11.25"]
[Round "1.4"]
[White "Colpa, Husein"]
[Black "Palac, Mladen"]
[Result "0-1"]
[WhiteElo "2085"]
[BlackElo "2567"]
[PlyCount "86"]
[EventDate "2007.11.25"]
[EventType "swiss"]
[EventRounds "9"]
[EventCountry "CRO"]
[Source "lmi"]
[SourceDate "2007.11.25"]

1. Nf3 c5 2. e4 e6 3. Nc3 a6 4. a4 b6 5. d3 Bb7 6. Bg5 Qc7 7. g3 Nc6 8. Bg2 d6
9. d4 cxd4 10. Nxd4 Be7 11. Be3 Nf6 12. O-O O-O 13. Nxc6 Bxc6 14. Qd4 Nd7 15.
Qd2 b5 16. axb5 axb5 17. Ne2 Qb7 18. f3 d5 19. exd5 Bxd5 20. Nd4 b4 21. f4 Nb6
22. b3 Bxg2 23. Qxg2 Qxg2+ 24. Kxg2 Nd5 25. Bg1 Bf6 26. Rad1 Nc3 27. Rd3 Ra2
28. Rf2 Rc8 29. Rfd2 Rb2 30. Kf3 h6 31. g4 g5 32. h4 gxf4 33. Kxf4 Bxh4 34. Nf3
Bf6 35. Bd4 Nd5+ 36. Ke4 Rbxc2 37. Bxf6 Nxf6+ 38. Kf4 Rxd2 39. Nxd2 Rc3 40.
Rd8+ Kg7 41. Rd4 Kg6 42. Ke5 Re3+ 43. Kd6 e5 0-1

[Event "Open Mediterranean 2013"]
[Site "Rijeka (CRO)"]
[Date "2007.11.25"]
[Round "1.5"]
[White "Kovacevic, Aleksandar"]
[Black "Klasan, Elvis"]
[Result "1-0"]
[WhiteElo "2554"]
[BlackElo "2082"]
[PlyCount "31"]
[EventDate "2007.11.25"]
[EventType "swiss"]
[EventRounds "9"]
[EventCountry "CRO"]
[Source "lmi"]
[SourceDate "2007.11.25"]

1. e4 c5 2. Nf3 g6 3. d4 Bg7 4. dxc5 Qa5+ 5. c3 Qxc5 6. Na3 d6 7. Be3 Bxc3+ 8.
Nd2 Qb4 9. bxc3 Qxa3 10. Bd4 Be6 11. Bxh8 f6 12. Bb5+ Kf7 13. O-O Qxc3 14. Rc1
Qa5 15. Bc4 Bxc4 16. Nxc4 1-0

[Event "Open Mediterranean 2013"]
[Site "Rijeka (CRO)"]
[Date "2007.11.25"]
[Round "1.6"]
[White "Spika, Ivica"]
[Black "Cebalo, Miso"]
[Result "0-1"]
[WhiteElo "2080"]
[BlackElo "2550"]
[PlyCount "78"]
[EventDate "2007.11.25"]
[EventType "swiss"]
[EventRounds "9"]
[EventCountry "CRO"]
[Source "lmi"]
[SourceDate "2007.11.25"]

1. d4 Nf6 2. Nf3 e6 3. Bg5 h6 4. Bxf6 Qxf6 5. e4 d6 6. Bd3 e5 7. d5 g5 8. c4 a5
9. Nc3 Be7 10. Qc2 Kf8 11. h3 Na6 12. a3 h5 13. O-O-O Kg7 14. Kb1 Bd7 15. h4 g4
16. Ng5 Nc5 17. b3 Qg6 18. f3 Bxg5 19. hxg5 Qxg5 20. Rde1 Rh6 21. Nb5 c6 22.
Nc3 Rf6 23. Be2 a4 24. Nxa4 Nxa4 25. bxa4 cxd5 26. cxd5 Bxa4 27. Qc3 g3 28. Rh3
Bd7 29. f4 Rxf4 30. Rxh5 Qg6 31. Reh1 Qxe4+ 32. Bd3 Qd4 33. Rh7+ Kf6 34. Qxd4
Rxd4 35. Rf1+ Rf4 36. Rxf4+ exf4 37. Kb2 f3 38. Bf1 Bb5 39. Bxb5 fxg2 0-1

[Event "Open Mediterranean 2013"]
[Site "Rijeka (CRO)"]
[Date "2007.11.25"]
[Round "1.7"]
[White "Jovanovic, Zoran2"]
[Black "Zrilic, Boro"]
[Result "1-0"]
[WhiteElo "2549"]
[BlackElo "2079"]
[PlyCount "111"]
[EventDate "2007.11.25"]
[EventType "swiss"]
[EventRounds "9"]
[EventCountry "CRO"]
[Source "lmi"]
[SourceDate "2007.11.25"]

1. e4 c5 2. Nf3 d6 3. c3 Nf6 4. Be2 g6 5. O-O Bg7 6. Bb5+ Nfd7 7. Re1 a6 8. Bf1
O-O 9. d4 Nc6 10. Be3 b6 11. Qd2 Re8 12. Bh6 Bh8 13. Na3 Qc7 14. Rad1 Bb7 15.
Nc4 Rad8 16. Qg5 b5 17. Ne3 e6 18. Qh4 Ne7 19. Bg5 f6 20. Bh6 Nf8 21. Bd3 g5
22. Qg3 Nfg6 23. h4 gxh4 24. Nxh4 Bg7 25. Bxg7 Kxg7 26. Ng4 Rf8 27. Qh2 Kh8 28.
Nf3 e5 29. Bf1 Bc8 30. Ne3 Nf4 31. g3 Rg8 32. Kh1 Ne6 33. Bh3 Ng5 34. Nxg5 Rxg5
35. Bxc8 Qxc8 36. dxc5 Qxc5 37. Qh3 f5 38. Qh6 Rg6 39. Qh4 f4 40. Qxe7 Rdg8 41.
Kg2 fxe3 42. Rxe3 R8g7 43. Qh4 Rf7 44. Rd5 Qb6 45. Rf3 Rxf3 46. Kxf3 Qc7 47.
Kg2 Kg7 48. a3 Qf7 49. Rd2 h5 50. Qh3 Kh6 51. Qc8 Qf6 52. Rd3 h4 53. Rf3 Qg7
54. Kf1 Rg4 55. Rf8 Kh7 56. Qe8 1-0

[Event "Open Mediterranean 2013"]
[Site "Rijeka (CRO)"]
[Date "2007.11.25"]
[Round "1.8"]
[White "Segovic, Goran"]
[Black "Cvitan, Ognjen"]
[Result "0-1"]
[WhiteElo "2076"]
[BlackElo "2543"]
[PlyCount "66"]
[EventDate "2007.11.25"]
[EventType "swiss"]
[EventRounds "9"]
[EventCountry "CRO"]
[Source "lmi"]
[SourceDate "2007.11.25"]

1. e4 c5 2. Nf3 e6 3. d4 cxd4 4. Nxd4 a6 5. Nc3 d6 6. Bd3 Nf6 7. O-O b5 8. a3
Bb7 9. Be3 Nbd7 10. f4 Be7 11. Qf3 Nc5 12. Rae1 O-O 13. g4 g6 14. h4 e5 15.
Nde2 d5 16. Bxc5 Bxc5+ 17. Kg2 dxe4 18. Nxe4 Nxe4 19. Bxe4 Bxe4 20. Qxe4 Qxh4
21. fxe5 Rad8 22. Ng3 Rd4 23. Qc6 Rd2+ 24. Re2 Rxe2+ 25. Nxe2 Qxg4+ 26. Ng3 Bd4
27. Qxa6 Bxe5 28. Rf3 Bxg3 29. Rxg3 Qe4+ 30. Kh2 Rd8 31. Qa5 Rd1 32. Rd3 Rh1+
33. Kg3 Rg1+ 0-1

[Event "Open Mediterranean 2013"]
[Site "Rijeka (CRO)"]
[Date "2007.11.25"]
[Round "1.9"]
[White "Saric, Ibro"]
[Black "Troselj, Teo"]
[Result "1-0"]
[WhiteElo "2541"]
[BlackElo "2059"]
[PlyCount "85"]
[EventDate "2007.11.25"]
[EventType "swiss"]
[EventRounds "9"]
[EventCountry "CRO"]
[Source "lmi"]
[SourceDate "2007.11.25"]

1. d4 e6 2. Nf3 f5 3. g3 Nf6 4. Bg2 Be7 5. O-O O-O 6. c4 d6 7. Nc3 Qe8 8. Re1
Qg6 9. e4 fxe4 10. Nxe4 Nxe4 11. Rxe4 Nc6 12. Qe2 Bf6 13. d5 exd5 14. cxd5 Ne5
15. Nxe5 Bxe5 16. Be3 Bf5 17. Rb4 b6 18. Qd2 Rf7 19. Rc1 Rc8 20. Ra4 a5 21.
Rac4 Bd3 22. Rc6 Be4 23. Bxe4 Qxe4 24. Rxb6 Rcf8 25. Rbc6 Rf3 26. Rxc7 Qg4 27.
R7c4 Qf5 28. b3 h5 29. Qc2 Qf7 30. Rc8 Qxd5 31. Qc4 Qxc4 32. R1xc4 Rxc8 33.
Rxc8+ Kf7 34. Kf1 Ke6 35. Ke2 Rf7 36. Kd3 a4 37. bxa4 d5 38. Re8+ Kd6 39. f4
Bf6 40. a5 d4 41. Bxd4 Bxd4 42. Kxd4 Ra7 43. Re5 1-0

[Event "Open Mediterranean 2013"]
[Site "Rijeka (CRO)"]
[Date "2007.11.25"]
[Round "1.10"]
[White "Stefan, Mario"]
[Black "Sulava, Nenad"]
[Result "0-1"]
[WhiteElo "2057"]
[BlackElo "2521"]
[PlyCount "48"]
[EventDate "2007.11.25"]
[EventType "swiss"]
[EventRounds "9"]
[EventCountry "CRO"]
[Source "lmi"]
[SourceDate "2007.11.25"]

1. e4 c5 2. c3 e6 3. Nf3 Nc6 4. d4 cxd4 5. cxd4 d5 6. exd5 exd5 7. Nc3 Bb4 8.
Be2 Nge7 9. O-O O-O 10. h3 Be6 11. Bf4 Bxc3 12. bxc3 Rc8 13. Bd3 Bf5 14. Bxf5
Nxf5 15. Qd3 Nh4 16. Ng5 Ng6 17. Bd2 h6 18. Nxf7 Kxf7 19. Qf5+ Qf6 20. Qxd5+
Qe6 21. Qh5 Nce7 22. g4 Qd5 23. Rae1 Qxh5 24. gxh5 Nh4 0-1

[Event "Open Mediterranean 2013"]
[Site "Rijeka (CRO)"]
[Date "2007.11.25"]
[Round "1.12"]
[White "Stubljar, Andrej"]
[Black "Drazic, Sinisa"]
[Result "1/2-1/2"]
[WhiteElo "2040"]
[BlackElo "2493"]
[PlyCount "99"]
[EventDate "2007.11.25"]
[EventType "swiss"]
[EventRounds "9"]
[EventCountry "CRO"]
[Source "lmi"]
[SourceDate "2007.11.25"]

1. Nf3 g6 2. e3 Bg7 3. d4 d6 4. b4 e5 5. c3 Qe7 6. Ba3 Nd7 7. Be2 Nh6 8. Bb2
O-O 9. a4 f5 10. c4 Nf7 11. Nc3 c6 12. Qb3 Nf6 13. dxe5 dxe5 14. c5 Be6 15. Bc4
Bxc4 16. Qxc4 Rad8 17. Ng5 Nd5 18. Nxf7 Qxf7 19. O-O-O a5 20. bxa5 Nc7 21.
Qxf7+ Kxf7 22. g4 Na6 23. Ba3 Bf6 24. gxf5 gxf5 25. Rd6 Rxd6 26. cxd6 Ke6 27.
Ne2 Bd8 28. Rd1 Rf7 29. f4 Bf6 30. Ng3 exf4 31. exf4 Bc3 32. d7 Rxd7 33. Rxd7
Kxd7 34. Nxf5 Bxa5 35. Nd6 Bc7 36. Nxb7 Bxf4+ 37. Kc2 Bxh2 38. Nc5+ Nxc5 39.
Bxc5 Bd6 40. Bb6 c5 41. Bxc5 h5 42. Bxd6 h4 43. Bb8 Kc8 44. Bh2 Kb7 45. Kd3 Ka6
46. Ke4 h3 47. Kf3 Kb7 48. Kg3 Ka6 49. Kxh3 Ka7 50. a5 1/2-1/2

[Event "Open Mediterranean 2013"]
[Site "Rijeka (CRO)"]
[Date "2007.11.25"]
[Round "1.13"]
[White "Jovanic, Ognjen"]
[Black "Nastic, Milorad"]
[Result "1-0"]
[WhiteElo "2492"]
[BlackElo "2037"]
[PlyCount "72"]
[EventDate "2007.11.25"]
[EventType "swiss"]
[EventRounds "9"]
[EventCountry "CRO"]
[Source "lmi"]
[SourceDate "2007.11.25"]

1. d4 Nf6 2. c4 e6 3. Nc3 Bb4 4. e3 O-O 5. Nge2 b6 6. a3 Be7 7. d5 Bb7 8. Ng3
d6 9. Be2 Nbd7 10. O-O c5 11. b3 exd5 12. cxd5 a6 13. a4 Re8 14. Bb2 Rb8 15. e4
Bf8 16. f4 g6 17. Bc4 Bg7 18. Qd3 Ng4 19. Nd1 Bxb2 20. Nxb2 Qf6 21. h3 Qxb2 22.
hxg4 Nf6 23. g5 Ng4 24. Rad1 b5 25. axb5 axb5 26. Bxb5 Ba6 27. Bxa6 Rxb3 28.
Rb1 Rxd3 29. Rxb2 Rxg3 30. Rf3 Rxf3 31. gxf3 Ne3 32. Be2 Ra8 33. Kf2 Ra3 34.
Rb6 Nc2 35. Rxd6 Nd4 36. Ra6 Ra2 1-0

[Event "Open Mediterranean 2013"]
[Site "Rijeka (CRO)"]
[Date "2007.11.25"]
[Round "1.14"]
[White "Florijan, Mladen"]
[Black "Bosiocic, Marin"]
[Result "0-1"]
[WhiteElo "2036"]
[BlackElo "2491"]
[PlyCount "74"]
[EventDate "2007.11.25"]
[EventType "swiss"]
[EventRounds "9"]
[EventCountry "CRO"]
[Source "lmi"]
[SourceDate "2007.11.25"]

1. d4 Nf6 2. g3 g6 3. Bg2 Bg7 4. e4 d6 5. Ne2 O-O 6. Nbc3 Nbd7 7. O-O e5 8. h3
c6 9. d5 cxd5 10. Nxd5 b5 11. Qd3 Nc5 12. Nxf6+ Bxf6 13. Qf3 Bb7 14. Nc3 b4 15.
Nd5 Bxd5 16. exd5 e4 17. Qe2 Rb8 18. Qc4 Re8 19. Re1 Bg7 20. Rb1 a5 21. Be3 f5
22. Bd4 Qd7 23. Bxg7 Qxg7 24. c3 Rec8 25. Qd4 Nd3 26. Qxg7+ Kxg7 27. Red1 bxc3
28. bxc3 Kf6 29. Rxb8 Rxb8 30. Bf1 Nc5 31. Rd2 a4 32. Bc4 Rb1+ 33. Kg2 a3 34.
f3 Rb2 35. Rf2 Nd3 36. Bxd3 exd3 37. Kf1 d2 0-1

[Event "Open Mediterranean 2013"]
[Site "Rijeka (CRO)"]
[Date "2007.11.25"]
[Round "1.15"]
[White "Fercec, Nenad"]
[Black "Steinhart, Christoph"]
[Result "1-0"]
[WhiteElo "2487"]
[BlackElo "2016"]
[PlyCount "75"]
[EventDate "2007.11.25"]
[EventType "swiss"]
[EventRounds "9"]
[EventCountry "CRO"]
[Source "lmi"]
[SourceDate "2007.11.25"]

1. e4 e6 2. d4 d5 3. Nd2 Nf6 4. e5 Nfd7 5. Bd3 c5 6. c3 Nc6 7. Ne2 cxd4 8. cxd4
Qb6 9. Nf3 Bb4+ 10. Bd2 Bxd2+ 11. Qxd2 Qb4 12. Rc1 Qxd2+ 13. Kxd2 f6 14. Bb5
Ndb8 15. exf6 gxf6 16. Nf4 Kf7 17. Rhe1 Bd7 18. Re3 a6 19. Bf1 a5 20. Rce1 Nd8
21. g3 Re8 22. Bd3 Rh8 23. Bf1 Re8 24. Bh3 Ra6 25. Bg4 Rg8 26. h3 Rd6 27. Bh5+
Ke7 28. g4 Nbc6 29. h4 Be8 30. g5 Bg6 31. Bxg6 hxg6 32. Rg1 f5 33. h5 gxh5 34.
g6 h4 35. Rg5 Kd7 36. Rh5 Ne7 37. Rxh4 Nxg6 38. Nxg6 1-0

[Event "Open Mediterranean 2013"]
[Site "Rijeka (CRO)"]
[Date "2007.11.25"]
[Round "1.16"]
[White "Dubois, Martine"]
[Black "Sebenik, Matej"]
[Result "0-1"]
[WhiteElo "2011"]
[BlackElo "2484"]
[PlyCount "90"]
[EventDate "2007.11.25"]
[EventType "swiss"]
[EventRounds "9"]
[EventCountry "CRO"]
[Source "lmi"]
[SourceDate "2007.11.25"]

1. e4 g6 2. d4 Bg7 3. Nc3 d6 4. Bc4 Nf6 5. Be3 O-O 6. Nf3 a6 7. a4 Nc6 8. O-O
Bg4 9. h3 Bxf3 10. Qxf3 Nd7 11. Qd1 Nb6 12. Be2 e6 13. a5 Nd7 14. f4 Re8 15.
Qd2 f5 16. Bf3 fxe4 17. Nxe4 d5 18. Nf2 Ne7 19. g4 Nc8 20. f5 Nd6 21. fxe6 Nc4
22. Bxd5 Ndb6 23. Bxc4 Nxc4 24. Qd3 Qd5 25. Rae1 Rxe6 26. Bf4 Nxb2 27. Qb3 Qxb3
28. cxb3 Rxe1 29. Rxe1 Bxd4 30. Re4 c5 31. Be3 Bxe3 32. Rxe3 c4 33. Ne4 Rd8 34.
Nf6+ Kf7 35. g5 Rd3 36. Re2 Rxb3 37. Nd5 Rg3+ 38. Kh2 Rxg5 39. Rxb2 Rxd5 40.
Rxb7+ Ke6 41. Rc7 Rxa5 42. Rxc4 Kd6 43. Kg3 Rc5 44. Rh4 Rh5 45. Ra4 a5 0-1

[Event "Open Mediterranean 2013"]
[Site "Rijeka (CRO)"]
[Date "2007.11.25"]
[Round "1.17"]
[White "Skoberne, Jure"]
[Black "Vukelic, Zvonimir"]
[Result "1-0"]
[WhiteElo "2484"]
[BlackElo "2010"]
[PlyCount "73"]
[EventDate "2007.11.25"]
[EventType "swiss"]
[EventRounds "9"]
[EventCountry "CRO"]
[Source "lmi"]
[SourceDate "2007.11.25"]

1. e4 c6 2. d4 d5 3. exd5 cxd5 4. c4 e6 5. Nc3 dxc4 6. Bxc4 Nf6 7. Nf3 Nc6 8.
O-O Be7 9. a3 O-O 10. Qd3 h6 11. Ba2 Re8 12. Re1 Bf8 13. Bf4 a6 14. Rad1 Ne7
15. Ne5 Ned5 16. Bg3 Nxc3 17. Qxc3 b5 18. Qf3 Ra7 19. Nc6 Bb7 20. d5 Qa8 21.
Nxa7 Qxa7 22. dxe6 Bxf3 23. exf7+ Kh7 24. fxe8=Q Nxe8 25. gxf3 Nf6 26. Re6 Bc5
27. Bb1+ Kg8 28. Bg6 Qa8 29. Kg2 Qc8 30. Rde1 Bf8 31. h4 a5 32. Rb6 Qc5 33. Rb8
b4 34. axb4 axb4 35. Rd1 Nh7 36. Rdd8 Qc6 37. Bd6 1-0

[Event "Open Mediterranean 2013"]
[Site "Rijeka (CRO)"]
[Date "2007.11.25"]
[Round "1.18"]
[White "Sirletti, Sonia"]
[Black "Ljubicic, Filip"]
[Result "0-1"]
[WhiteElo "1999"]
[BlackElo "2480"]
[PlyCount "70"]
[EventDate "2007.11.25"]
[EventType "swiss"]
[EventRounds "9"]
[EventCountry "CRO"]
[Source "lmi"]
[SourceDate "2007.11.25"]

1. d4 Nf6 2. c4 g6 3. Nc3 Bg7 4. e4 d6 5. Nf3 O-O 6. Be2 e5 7. d5 a5 8. Bg5 h6
9. Bh4 Na6 10. Nd2 Qe8 11. Rb1 Bd7 12. b3 Nh7 13. O-O h5 14. f3 Bh6 15. Bf2 Qe7
16. Re1 f5 17. a3 Ng5 18. Kh1 Nc5 19. b4 axb4 20. axb4 Na4 21. Qc2 Nxc3 22.
Qxc3 fxe4 23. Bh4 exf3 24. Bxf3 Bf5 25. Rbd1 Qd7 26. c5 Nxf3 27. Nxf3 Bg4 28.
Ra1 Rxa1 29. Rxa1 Qf5 30. cxd6 cxd6 31. Be7 Rc8 32. Qb3 e4 33. Nh4 Qe5 34. Rf1
Qxe7 35. Nxg6 Qf6 0-1

[Event "Open Mediterranean 2013"]
[Site "Rijeka (CRO)"]
[Date "2007.11.25"]
[Round "1.19"]
[White "Zufic, Miroslav"]
[Black "Kovacic, Dragutin"]
[Result "1-0"]
[WhiteElo "2452"]
[BlackElo "1994"]
[PlyCount "101"]
[EventDate "2007.11.25"]
[EventType "swiss"]
[EventRounds "9"]
[EventCountry "CRO"]
[Source "lmi"]
[SourceDate "2007.11.25"]

1. e4 d6 2. d4 g6 3. Nc3 Bg7 4. Be3 e5 5. Nf3 Bg4 6. Bc4 Nd7 7. h3 Bxf3 8. Qxf3
Qf6 9. Qxf6 Ngxf6 10. dxe5 Nxe5 11. Be2 a6 12. O-O-O O-O-O 13. f4 Nc6 14. Bf3
Rhe8 15. Rhe1 Nd7 16. Nd5 Ne7 17. Bf2 Nxd5 18. Rxd5 Kb8 19. Bh4 Bf6 20. Bg3 Nb6
21. Rd3 g5 22. Bh5 gxf4 23. Bxf4 Rd7 24. Rf3 Rde7 25. Bd2 Nd7 26. Ref1 Bd4 27.
Rxf7 Nc5 28. Rxh7 Rxh7 29. Bxe8 Re7 30. Bh5 Nxe4 31. Rf8+ Ka7 32. Re8 Rxe8 33.
Bxe8 Nxd2 34. Kxd2 Bxb2 35. g4 Bf6 36. Ke3 c5 37. Kf4 b5 38. g5 Bg7 39. h4 d5
40. h5 c4 41. h6 Bb2 42. Kf5 Bc1 43. c3 Bd2 44. Ke6 Kb6 45. Bh5 b4 46. cxb4 Kb5
47. a3 Ka4 48. h7 Bc3 49. Kxd5 Kxa3 50. Kxc4 Bg7 51. Be8 1-0

[Event "Open Mediterranean 2013"]
[Site "Rijeka (CRO)"]
[Date "2007.11.25"]
[Round "1.20"]
[White "Kanceljak, Dalia"]
[Black "Saric, Ante"]
[Result "0-1"]
[WhiteElo "1953"]
[BlackElo "2441"]
[PlyCount "56"]
[EventDate "2007.11.25"]
[EventType "swiss"]
[EventRounds "9"]
[EventCountry "CRO"]
[Source "lmi"]
[SourceDate "2007.11.25"]

1. d4 Nf6 2. c4 e6 3. Nf3 b6 4. Bg5 Bb7 5. e3 h6 6. Bh4 Bb4+ 7. Nbd2 g5 8. Nxg5
hxg5 9. Bxg5 Rg8 10. Bh4 c5 11. f3 cxd4 12. exd4 Be7 13. Bxf6 Bxf6 14. Ne4 Be7
15. d5 Na6 16. a3 Nc5 17. Nc3 Bf6 18. Rc1 Bxc3+ 19. Rxc3 Qh4+ 20. Ke2 exd5 21.
cxd5 Ba6+ 22. Ke3 Bxf1 23. Qxf1 Qg5+ 24. Kf2 Qd2+ 25. Kg1 Qxb2 26. Qe1+ Kf8 27.
g4 Re8 28. Re3 Qd4 0-1

[Event "Open Mediterranean 2013"]
[Site "Rijeka (CRO)"]
[Date "2007.11.25"]
[Round "1.21"]
[White "Golubovic, Boris"]
[Black "Radmanovic, Lazar"]
[Result "1-0"]
[WhiteElo "2437"]
[BlackElo "1929"]
[PlyCount "31"]
[EventDate "2007.11.25"]
[EventType "swiss"]
[EventRounds "9"]
[EventCountry "CRO"]
[Source "lmi"]
[SourceDate "2007.11.25"]

1. c4 e5 2. g3 Nf6 3. Bg2 Bc5 4. Nc3 c6 5. e3 O-O 6. Nge2 d5 7. cxd5 cxd5 8. d4
exd4 9. exd4 Bb4 10. O-O Be6 11. Bg5 Be7 12. Nf4 Ne4 13. Bxe7 Nxc3 14. Bxd8
Nxd1 15. Be7 Re8 16. Ba3 1-0

[Event "Open Mediterranean 2013"]
[Site "Rijeka (CRO)"]
[Date "2007.11.25"]
[Round "1.22"]
[White "Ruzic, Sanjin"]
[Black "Brumen, Dinko"]
[Result "0-1"]
[WhiteElo "1917"]
[BlackElo "2402"]
[PlyCount "60"]
[EventDate "2007.11.25"]
[EventType "swiss"]
[EventRounds "9"]
[EventCountry "CRO"]
[Source "lmi"]
[SourceDate "2007.11.25"]

1. e4 c5 2. Nc3 Nc6 3. g3 g6 4. Bg2 Bg7 5. d3 e6 6. f4 Nge7 7. Nf3 O-O 8. O-O
d5 9. e5 Rb8 10. a4 a6 11. d4 cxd4 12. Nxd4 Qb6 13. Nce2 f6 14. exf6 Bxf6 15.
c3 Nf5 16. Qb3 Qc5 17. Kh1 Ncxd4 18. cxd4 Nxd4 19. Nxd4 Bxd4 20. Bd2 Bd7 21.
Rac1 Qb6 22. Qxb6 Bxb6 23. a5 Bd4 24. Bc3 Bxc3 25. Rxc3 b6 26. b4 bxa5 27. bxa5
Rfc8 28. Rxc8+ Rxc8 29. Kg1 Kf7 30. Ra1 Bb5 0-1

[Event "Open Mediterranean 2013"]
[Site "Rijeka (CRO)"]
[Date "2007.11.25"]
[Round "1.23"]
[White "Rukavina, Josip"]
[Black "Juretic, Boris"]
[Result "1-0"]
[WhiteElo "2393"]
[BlackElo "1894"]
[PlyCount "59"]
[EventDate "2007.11.25"]
[EventType "swiss"]
[EventRounds "9"]
[EventCountry "CRO"]
[Source "lmi"]
[SourceDate "2007.11.25"]

1. c4 e5 2. g3 Nf6 3. Bg2 Bc5 4. Nc3 Nc6 5. e3 O-O 6. Nge2 a6 7. O-O d6 8. d3
Ne7 9. d4 exd4 10. exd4 Ba7 11. Bg5 Ne8 12. Nd5 f6 13. Nxe7+ Qxe7 14. Be3 c6
15. Re1 Qd8 16. Nc3 Bf5 17. Qb3 Qd7 18. d5 Bxe3 19. Rxe3 c5 20. Rae1 Rf7 21.
Na4 Rb8 22. Nb6 Qd8 23. Rxe8+ Qxe8 24. Rxe8+ Rxe8 25. h3 Re1+ 26. Kh2 Rfe7 27.
g4 Bd7 28. Qg3 R1e5 29. a3 h6 30. b4 1-0

[Event "Open Mediterranean 2013"]
[Site "Rijeka (CRO)"]
[Date "2007.11.25"]
[Round "1.24"]
[White "Mravic, Filip"]
[Black "Bellia, Fabrizio"]
[Result "0-1"]
[WhiteElo "1859"]
[BlackElo "2392"]
[PlyCount "70"]
[EventDate "2007.11.25"]
[EventType "swiss"]
[EventRounds "9"]
[EventCountry "CRO"]
[Source "lmi"]
[SourceDate "2007.11.25"]

1. d4 d5 2. c4 c6 3. Nf3 Nf6 4. Nc3 e6 5. Bg5 h6 6. Bh4 dxc4 7. e3 b5 8. a4 a6
9. axb5 cxb5 10. Bxf6 gxf6 11. Nxb5 axb5 12. Rxa8 Bb7 13. Ra1 Rg8 14. Rg1 Bb4+
15. Ke2 Nc6 16. g3 Na5 17. Bg2 Nb3 18. Ra2 e5 19. Qc2 exd4 20. Nxd4 Nxd4+ 21.
exd4 Qe7+ 22. Kd1 Bxg2 23. Kc1 Be4 24. Qe2 Rg5 25. f3 Bc6 26. Qxe7+ Kxe7 27. f4
Rd5 28. Rd1 Rd7 29. Ra6 Bf3 30. Rf1 Be4 31. Rd1 Bf3 32. Rf1 Be2 33. Rf2 Bd3 34.
Rb6 Ra7 35. b3 c3 0-1

[Event "Open Mediterranean 2013"]
[Site "Rijeka (CRO)"]
[Date "2007.11.25"]
[Round "1.25"]
[White "Grooten, Herman"]
[Black "Cabrijan, Ivan"]
[Result "1-0"]
[WhiteElo "2350"]
[BlackElo "1846"]
[PlyCount "75"]
[EventDate "2007.11.25"]
[EventType "swiss"]
[EventRounds "9"]
[EventCountry "CRO"]
[Source "lmi"]
[SourceDate "2007.11.25"]

1. d4 d5 2. c4 c6 3. Nf3 Nf6 4. Nc3 g6 5. Bg5 Bg7 6. e3 O-O 7. Qb3 dxc4 8. Bxc4
Nbd7 9. O-O Nb6 10. Bd3 Nbd7 11. Rad1 Qa5 12. Rfe1 Re8 13. Bh4 e5 14. Ng5 Rf8
15. Bc4 Nd5 16. Nxd5 cxd5 17. Bxd5 Qb6 18. Bxf7+ Kh8 19. Be6 Qxb3 20. axb3 Bf6
21. f4 h6 22. Bxd7 hxg5 23. dxe5 Bxd7 24. Rxd7 gxh4 25. exf6 Rxf6 26. Rxb7 Rd6
27. Re2 Rc8 28. Kf2 a6 29. Kf3 Re6 30. e4 Rf8 31. Kg4 Ref6 32. g3 hxg3 33. hxg3
Re6 34. Rh2+ Kg8 35. Rhh7 Rfe8 36. Kg5 a5 37. e5 a4 38. bxa4 1-0

[Event "Open Mediterranean 2013"]
[Site "Rijeka (CRO)"]
[Date "2007.11.25"]
[Round "1.26"]
[White "Fabeta, Tomislav"]
[Black "Lanzani, Mario"]
[Result "0-1"]
[WhiteElo "1725"]
[BlackElo "2345"]
[PlyCount "98"]
[EventDate "2007.11.25"]
[EventType "swiss"]
[EventRounds "9"]
[EventCountry "CRO"]
[Source "lmi"]
[SourceDate "2007.11.25"]

1. d4 Nf6 2. c4 g6 3. Nc3 Bg7 4. e4 d6 5. Nf3 O-O 6. Be2 Bg4 7. O-O Nfd7 8. h3
Bxf3 9. Bxf3 Nc6 10. Be3 e5 11. d5 Nd4 12. Bxd4 exd4 13. Ne2 d3 14. Nf4 Bxb2
15. Rb1 Bg7 16. Nxd3 b6 17. Qd2 Qf6 18. Bg4 Rad8 19. Bxd7 Rxd7 20. Nb4 Re7 21.
Rfe1 Qh4 22. f3 Bh6 23. Qf2 Qf6 24. Nc6 Ree8 25. Rb3 a5 26. Qg3 a4 27. Ra3 Bf4
28. Qf2 Qg5 29. Re2 Bg3 30. Qf1 Ra8 31. Qd1 h5 32. Qd2 Bf4 33. Qe1 h4 34. Kf1
Rfe8 35. Rc2 Kh7 36. Re2 Rf8 37. e5 dxe5 38. Nxe5 Qe7 39. Nxg6 Qxa3 40. Nxf8+
Qxf8 41. Qxh4+ Qh6 42. Qe7 Kg7 43. Re6 Bd6 44. Qxf7+ Kxf7 45. Rxh6 Re8 46. Kf2
Bc5+ 47. Kg3 Re2 48. Rh7+ Kg6 49. Rxc7 Bd6+ 0-1

[Event "Open Mediterranean 2013"]
[Site "Rijeka (CRO)"]
[Date "2007.11.25"]
[Round "1.27"]
[White "Sudakova, Irina"]
[Black "Dubrovic, Mihovil"]
[Result "1-0"]
[WhiteElo "2326"]
[BlackElo "1665"]
[PlyCount "107"]
[EventDate "2007.11.25"]
[EventType "swiss"]
[EventRounds "9"]
[EventCountry "CRO"]
[Source "lmi"]
[SourceDate "2007.11.25"]

1. e4 e5 2. Nf3 Nc6 3. Nc3 Nf6 4. g3 g6 5. Bg2 Bg7 6. d4 exd4 7. Nxd4 Nxd4 8.
Qxd4 d6 9. O-O O-O 10. Qd3 Re8 11. h3 a6 12. Bg5 h6 13. Be3 Rb8 14. Rad1 Bd7
15. Ba7 Ra8 16. Bd4 Bc6 17. f4 Qd7 18. f5 g5 19. Nd5 Bxd5 20. exd5 Qd8 21. Bc3
Kh7 22. b3 Bh8 23. Rde1 Rxe1 24. Rxe1 Bg7 25. Kh2 Bh8 26. Bb2 Rc8 27. c4 Rb8
28. Qe2 Qe8 29. Qe7 Qxe7 30. Rxe7 Kg8 31. Bxf6 Bxf6 32. Rxc7 Bd4 33. Bf3 Bb6
34. Rd7 Bc5 35. Bh5 f6 36. Bf7+ Kf8 37. Be6 b5 38. Rh7 Rb6 39. cxb5 axb5 40.
Rxh6 Ke7 41. Rh7+ Ke8 42. Kg2 Ra6 43. a4 bxa4 44. bxa4 Rb6 45. Bd7+ Kd8 46. Bb5
Bd4 47. h4 gxh4 48. gxh4 Be3 49. Kf3 Bd2 50. h5 Kc8 51. h6 Kb8 52. Rh8+ Ka7 53.
h7 Bh6 54. Rg8 1-0